Calculus: (Record no. 9782)

MARC details
000 -LEADER
fixed length control field 00664nam a22002177a 4500
003 - CONTROL NUMBER IDENTIFIER
control field OSt
005 - DATE AND TIME OF LATEST TRANSACTION
control field 20260423040830.0
008 - FIXED-LENGTH DATA ELEMENTS--GENERAL INFORMATION
fixed length control field 260423b |||||||| |||| 00| 0 eng d
020 ## - INTERNATIONAL STANDARD BOOK NUMBER
International Standard Book Number 0-07-304018-5
040 ## - CATALOGING SOURCE
Original cataloging agency DWC-Main lib.
Transcribing agency OC
082 ## - DEWEY DECIMAL CLASSIFICATION NUMBER
Edition number 7th ed.
Classification number Circ. 515 H675c 2000
100 ## - MAIN ENTRY--PERSONAL NAME
Personal name Bradley, Gerald L.
245 ## - TITLE STATEMENT
Title Calculus:
Remainder of title for business, economics,and the social and life sciences/
Statement of responsibility, etc. Gerald L. Bradley
260 ## - PUBLICATION, DISTRIBUTION, ETC.
Place of publication, distribution, etc. Boston:
Name of publisher, distributor, etc. McGraw Hill,
Date of publication, distribution, etc. c2000.
300 ## - PHYSICAL DESCRIPTION
Extent xxi, 723 p. ;
Dimensions 23 cm.
504 ## - BIBLIOGRAPHY, ETC. NOTE
Bibliography, etc. note Includes index.
650 ## - SUBJECT ADDED ENTRY--TOPICAL TERM
Topical term or geographic name entry element 1. Calculus.
700 ## - ADDED ENTRY--PERSONAL NAME
Personal name Hoffmann, Laurence D.
760 ## - MAIN SERIES ENTRY
Edition 7th ed.
942 ## - ADDED ENTRY ELEMENTS (KOHA)
Source of classification or shelving scheme Dewey Decimal Classification
Koha item type Book Circulation
Edition 7th ed.
Classification part Circ.
Suppress in OPAC No
952 ## - LOCATION AND ITEM INFORMATION (KOHA)
--
952 ## - LOCATION AND ITEM INFORMATION (KOHA)
--
Holdings
Withdrawn status Lost status Source of classification or shelving scheme Damaged status Not for loan Home library Current library Shelving location Date acquired Source of acquisition Total Checkouts Full call number Barcode Date last seen Copy number Price effective from Koha item type Uniform Resource Identifier
    Dewey Decimal Classification     College Library College Library Circulation 11/08/2003 School Fund   Circ. 515 H675c 2000 CL39594 04/23/2026 c1 04/23/2026 BK-CIRC
    Dewey Decimal Classification     College Library College Library Circulation 11/08/2003 School Fund   Circ. 515 H675c 2000 CL39595 04/23/2026 c2 04/23/2026 BK-CIRC